000 00821nam a2200253Ia 4500
003 OSt
005 20220923223432.0
006 a|||||r|||| 00| 0
007 ta
008 220922b |||||||| |||| 00| 0 hin d
024 _a215,299
037 _cTextual
040 _aARTS
_cARTS
_bhin
041 _2hin
_ahin
082 _aO152,3N1511x, M3
100 _aसाहनी, भीष्म
_9156290
245 0 _aमेरी प्रिय कहानियॉं
246 _aMerī priya kahāniyaॉan
260 _aदिल्ली
_b राजपाल एण्ड संज
_c1983
300 _a127 पृ.
_ccm.
650 _aहिन्दी साहित्य
_9156264
942 _hO152,3N1511x, M3
_cTEXL
_2CC
999 _c365208
_d365208